000 00424nam a2200181Ia 4500
001 3765
003 IN-NITTTR
005 20251114232951.0
008 251113s9999||||xx |||||||||||||| ||eng||
040 _beng
040 _cIN-NITTTR
041 _aeng
082 _a621.38235 H55F
100 _aHills, Lee
245 0 _aFacsimile /
_cHills, Lee, Sullivan, Timothy J.
700 _a Sullivan, Timothy J.
942 _2ddc
_cBK
999 _c6095
_d6095